El Ecuador en las urnas lucha social-lucha política
Gespeichert in:
| 1. Verfasser: | |
|---|---|
| Format: | Text |
| Veröffentlicht: |
Quito:
El conejo
|
| Tags: |
Tag hinzufügen
Keine Tags, Fügen Sie den ersten Tag hinzu!
|
MARC
| LEADER | 00000 a a2200000 04500 | ||
|---|---|---|---|
| 001 | 24395 | ||
| 003 | |||
| 040 | |||
| 090 | |a 172900 | ||
| 100 | |a Acosta, Adrian | ||
| 245 | |a El Ecuador en las urnas lucha social-lucha política | ||
| 260 | |a Quito: |b El conejo | ||
| 999 | |c 12783 |d 12783 | ||
